00697cam a22002171 4500001001300000003000400013005001700017008004100034010001700075035002000092040002300112042001200135050001800147100005600165245005700221260005100278300005400329650003700383650004200420999001700462ne 68002358 DLC20260227111843.0850405s1967 tu a 000 0 tur  ane 68002358  a(OCoLC)11890157 aDLCcCLUdCLUdDLC apremarc00aNK1465b.U3631 aÜnver, A. Süheylq(Ahmet Süheyl),d1898-1986.10a50 Türk motifi.c[Hazirlayan] A. Süheyl Ünver. aIstanbul,bDog̈an Kardeş Yayinlaric[1967?] axii, [31] p.b(chiefly illus. (part col.)c28 cm. 0aDecoration and ornamentzTurkey. 0aDecoration and ornamentxPlant forms. c50500d50500